Scorching love : (Record no. 1308964)

MARC details
000 -LEADER
fixed length control field 01908nam a22002417a 4500
005 - DATE AND TIME OF LATEST TRANSACTION
control field 20250603151829.0
008 - FIXED-LENGTH DATA ELEMENTS--GENERAL INFORMATION
fixed length control field 250414b |||||||| |||| 00| 0 eng d
020 ## - INTERNATIONAL STANDARD BOOK NUMBER
International Standard Book Number 9780192858382
040 ## - CATALOGING SOURCE
Original cataloging agency SDCL
Transcribing agency SDCL
041 ## - LANGUAGE CODE
Source of code eng
Language code of text/sound track or separate title eng
084 ## - COLON CLASSIFICATION NUMBER
Classification number V2y7M69:g(4) R2
100 ## - MAIN ENTRY--PERSONAL NAME
Personal name Gandhi, Gopalkrishna
9 (RLIN) 752262
245 ## - TITLE STATEMENT
Title Scorching love :
Remainder of title Letters from Mohandas Karamchand Gandhi to his son, Devadas
260 ## - PUBLICATION, DISTRIBUTION, ETC.
Place of publication, distribution, etc. New York :
Name of publisher, distributor, etc. Oxford University Press,
Date of publication, distribution, etc. 2022.
300 ## - PHYSICAL DESCRIPTION
Extent xxiii, 492p.
520 ## - SUMMARY, ETC.
Summary, etc. This book publishes - for the most part, for the first time - Gandhi's letters to his youngest son, Devadas from 1914, when father and son were both in South Africa to 1948, when they were both in Delhi, the capital of free India where within hours of the last letter Gandhi was assassinated. Gandhi wrote these letters by day, he wrote them by night, he wrote them from aboard trains, steamers, both right and left hands being pressed into service to rest one when tired out. The letters span three decades during which the writer grew from being a fighter for the rights of Indians in South Africa to being hailed as Father of the Nation by millions in India and - opposed by many as well including the man who felled him by three bullets fired at point blank range on 30 January, 1948. The letters hold his aspirations for his son and for his nation. They bear great love and they also scorch. And we see Devadas, the recipient of the letters, move in them from compliant childhood and youth, to adulthood, questioning and remonstrating with his father and being just the independent son his father wants him to be.
650 ## - SUBJECT ADDED ENTRY--TOPICAL TERM
Topical term or geographic name entry element Fathers and sons -- Correspondence -- India
9 (RLIN) 811611
650 ## - SUBJECT ADDED ENTRY--TOPICAL TERM
Topical term or geographic name entry element Politicians -- Correspondence -- India
9 (RLIN) 811612
650 ## - SUBJECT ADDED ENTRY--TOPICAL TERM
Topical term or geographic name entry element Political Science / History & Theory
9 (RLIN) 752944
700 ## - ADDED ENTRY--PERSONAL NAME
Personal name Suhrud, Tridip
942 ## - ADDED ENTRY ELEMENTS (KOHA)
Source of classification or shelving scheme Colon Classification (CC)
Koha item type Textual
Suppress in OPAC No
Holdings
Withdrawn status Lost status Source of classification or shelving scheme Damaged status Not for loan Home library Current library Date acquired Source of acquisition Inventory number Total Checkouts Full call number Barcode Date last seen Price effective from Koha item type
    Colon Classification (CC)     South Campus Library South Campus Library 2025-04-14 Efficient Book Distributors 9360, 26/11/2024, INR 1495.00   V2y7M69:g(4) R2 SC1690596 2025-04-14 2025-04-14 Textual
Copyright @ Delhi University Library System